Normal view
MARC view
- ARUNYA S. KUMAR
Entry Personal Name
001 - CONTROL NUMBER
- control field: 3488
003 - CONTROL NUMBER IDENTIFIER
- control field: OSt
005 - DATE AND TIME OF LATEST TRANSACTION
- control field: 20180929153245.0
008 - FIXED-LENGTH DATA ELEMENTS
- fixed length control field: 180929|| aca||aabn | a|a d
040 ## - CATALOGING SOURCE
- Original cataloging agency: OSt
- Transcribing agency: OSt
100 ## - HEADING--PERSONAL NAME
- Personal name: ARUNYA S. KUMAR
670 ## - SOURCE DATA FOUND
- Source citation: Work cat.: (OSt)15086: ARUNYA S. KUMAR, Standardization of irrigation requirement of cowpea under naturally ventilaed poly house
